Responses for Show #755 - Friday, December 11, 1987

Sandra Gore game 4.
Missing introductions.

Contestants

[<< previous game]

Joanne Seran, a teacher from North Hollywood, California

John Zanier, an administrative manager from Los Angeles, California

Sandra Gore, a researcher originally from Boston, Massachusetts (whose 3-day cash winnings total $38,302)

[next game >>]

Jeopardy! Round responses

STARTS WITH "H"
IOWA
THE ROYAL FAMILY
BOTTOMS UP
BILLIARDS
FINAL RESTING PLACES
    $100 3
half and half

Joanne
    $100 15
the state mineral (or rock)

Sandra
    $100 5
Charles

John
    $100 12
21

Joanne
    $100 20
English

Sandra
    $100 1
The Taj Mahal

Sandra
    $200 4
a hot foot

John
    $500 25
(Alex: You got it. Nice going, we've got less than a minute to go in this round, so make another selection, please.)

The Music Man

John
    $200 6
Wallis Warfield Simpson

John
    $200 13
brut (dry and sekt acceptable)

Sandra
    $200 21
the cue stick

Joanne
    $200 2
Monticello

Joanne
    $300 19
(John: What is whet? Whet stone?)

hone

SandraJohn
    $300 26
hogs

John
    $300 7
the Queen's birthday

Sandra
    $300 14
bourbon

John
    $300 22
8-ball

Triple Stumper
    $300 8
Westminster Abbey

Sandra
    $400 24
Holy Toledo

John
    $400 27
[The end-of-round signal sounds.]

Des Moines

John
    $400 10
Princess Anne

Joanne
    $400 16
Guinness

Sandra
    $400 23
(John: What is a square?)
(Joanne: What is a circle?)

a diamond

JohnJoanne
Triple Stumper
    $400 9
Macbeth

John
    $500 11
George VI

Sandra
    $500 17
distilled

Sandra
    $500 18
Christopher Columbus

Joanne

Scores at the first commercial break (after clue 17):

Sandra John Joanne
$2,400 $1,200 $800

Scores at the end of the Jeopardy! Round:

Sandra John Joanne
$2,800 $2,100 $1,100

Double Jeopardy! Round responses

BOTANY
THE CLERGY
TECHNOLOGY
ICELAND
ACTOR & ACTRESSES
8-LETTER WORDS
    $200 9
Darwin

John
    $200 17
Jim & Tammy Bakker

Sandra
    $200 8
clocks

Sandra
    $200 6
earthquake

Sandra
    $200 1
Charles Chaplin

Joanne
    $200 21
your shoulder

Joanne
    $400 10
the Eastern Hemisphere

Joanne
    $400 18
Jesse Jackson

Sandra
    $400 15
a (phonograph) turntable

John
    $400 7
none

John
    $400 2
Swoosie Kurtz

Sandra
    $400 22
nepotism

John
    $600 11
photosynthesis

Sandra
    $600 19
Vietnam

Joanne
    $600 16
(Sandra: What is baby food?)

soap (soap dishes)

Sandra
Triple Stumper
    $600 14
(John: What is Denmark?)

the United States

John
Triple Stumper
    $600 3
Our Man Flint

Sandra
    $1,500 23
an overshoe

John
    $800 12
carotene

Sandra
    $800 20
(Joanne: Who is Malcolm X?)

Father Devine

Joanne
Triple Stumper
    $800 26
(Joanne: Who is Kodak?)

George Eastman

SandraJoanne
    $800 29
(John: What is a telephone number?)

the occupation

John
Triple Stumper
    $800 4
Carrie Fisher

Sandra
    $800 24
a scaffold

Triple Stumper
    $1000 13
salts

Triple Stumper
    $1000 28
Bishop (James) Pike

Sandra
    $1000 27
(Guglielmo) Marconi

Sandra
    $1000 30
the sagas

Sandra
    $1,600 5
(Sandra: Who are [*]...)
(Alex: Right...)
(Sandra: ...and... well there was Horst Buchholz. I don't know if he was French.)
(Alex: No, that's incorrect. Charles--)
(Sandra: [**].)

Maurice Chevalier & Charles Boyer

Sandra
    $1000 25
rarefied

John

Scores at the end of the Double Jeopardy! Round:

Sandra John Joanne
$8,600 $4,600 $900

[wagering suggestions for these scores]

Final Jeopardy! Round responses

ELECTIONS
JoanneWho was Nixon?
$100
JohnWho was Richard Nixon
$4,600
SandraWho was Nixon
$605
Richard Nixon

Final scores:

Sandra John Joanne
$9,205 $9,200 $1,000
4-day champion: $47,507 2nd place: an Emerson stereo TV + a 12-volume Motion Picture Guide to movies 3rd place: a set of Correla art glass

Game dynamics:

Coryat scores:

Sandra John Joanne
$10,200 $3,400 $900
23 R,
2 W
(including 1 DD)
15 R
(including 2 DDs),
4 W
10 R,
3 W

Combined Coryat: $14,500

[game clues] [game scores] [suggest correction]

Game tape date: 1987-09-01
The J! Archive is created by fans, for fans. Scraping, republication, monetization, and malicious use prohibited; this site may use cookies and collect identifying information. See terms. The Jeopardy! game show and all elements thereof, including but not limited to copyright and trademark thereto, are the property of Jeopardy Productions, Inc. and are protected under law. This website is not affiliated with, sponsored by, or operated by Jeopardy Productions, Inc. Join the discussion at JBoard.tv.